000 00590nam a2200157 i 4500
001 185149
003 ES-MaACL
005 20230906222346.0
008 160329s1875 sp |||| | spa d
245 0 0 _aMemoria de la Inclusa, Colegio de la Paz, Casa de Maternidad y Asilos [de niƱos] de Lavanderas y Cigarreras.
260 _aMadrid :
_b[s.n.],
_c1875 (
_fTip. del Hospicio)
300 _a48 p. ;
_c24 cm.
610 2 4 _aInclusa de Madrid.
_9159244
610 2 4 _aColegio de la Paz (Madrid)
_9171471
852 _aES-MaACL
_jT-205-F-21
_z- Enc. en un vol. facticio, falto de cub. original
999 _c185149
_d185149